| 000 | 00958nam a2200277 i 4500 | ||
|---|---|---|---|
| 001 | 12618 | ||
| 003 | KOSZ 005 | ||
| 005 | 20220114132622.0 | ||
| 008 | 070716s1970 pl a f 000 0 pol | ||
| 015 | _aPB 1970/3184 | ||
| 040 |
_aWA N _cKOSZ 005/RW _dKOSZ 005/RW |
||
| 080 | _a621.74(075) | ||
| 100 | 1 |
_aReszel, Edward. _eAutor |
|
| 245 | 1 | 0 |
_aModelarstwo / _cEdward Reszel. |
| 250 | _aWyd. 4 zm. | ||
| 260 |
_aWarszawa : _bPaństwowe Wydawnictwo Szkolnictwa Zawodowego, _c1970. |
||
| 300 |
_a317, [2] s. : _bil. ; _c23 cm. |
||
| 380 | _aKsiążki. | ||
| 504 | _aBibliogr. s. [319]. | ||
| 521 | 8 | _aDla kl. 4 i 5 techników odlewn. | |
| 655 | 4 | _aPodręczniki dla szkół zawodowych | |
| 650 | 4 | _aModelarstwo odlewnicze | |
| 710 | 2 |
_aPaństwowe Wydawnictwo Szkolnictwa Zawodowego _4pbl. |
|
| 856 |
_uhttp://koha.tu.koszalin.pl/cgi-bin/koha/opac-detail.pl?biblionumber=12618 _yKatalog online BPK |
||
| 942 |
_2UKD _cKS |
||
| 999 |
_c12618 _d12618 |
||